Návody do cvičení z termomechaniky /

Hlavní autor: Blahož, Vladimír, -2007
Další autoři: Lapčík, Vladimír
Jazyk: Čeština
Vydáno: Ostrava : Vysoká škola báňská, 1989
Vydání: 1. vyd.
Témata:
Fyzický popis: 221 s.
Knihy
Uloženo v:
LEADER 01107nam a22003012a 4500
001 000214038
003 CZ BrMZK
005 20100414132649.0
007 ta
008 970103s1989 xr f cze d
015 |a cnb000050197 
035 |a (OCoLC)39432802 
040 |a BOA001  |b cze 
080 9 |a 536(076.5) 
100 1 |a Blahož, Vladimír,  |d -2007  |7 mzk2010569580  |4 aut 
245 1 0 |a Návody do cvičení z termomechaniky /  |c Vladimír Blahož, Vladimír Lapčík 
250 |a 1. vyd. 
260 |a Ostrava :  |b Vysoká škola báňská,  |c 1989 
300 |a 221 s. 
504 |a Obsahuje bibliografii 
700 1 |a Lapčík, Vladimír  |7 mzk2009512552  |4 aut 
910 |a BOA001  |b TK-A-0239.983  |b 4-0947.820 
920 |a 000262823 
964 |a Termomechanika - praktika 
990 |a BK 
996 7 |b 2619876396  |c 4-0947.820  |l MZK  |r Sklad / do 1 hodiny  |n 5  |w 000214038  |u 000030  |a 1  |e BOA001  |j MZK50  |s A 
996 7 |b 2629994853  |c TK-A-0239.983  |l MZK  |r Sklad / do 24 hodin  |n 1  |w 000214038  |u 000010  |a 1  |e BOA001  |j MZK50  |s A 
996 7 |b 2629995020  |c TK-A-0239.983  |l MZK  |r Sklad / do 24 hodin  |n 3  |w 000214038  |u 000020  |a 1  |e BOA001  |j MZK50  |s A